[Event "ch-city B"]
[Site "Warszawa"]
[Date "2013.05.15"]
[Round "5.11"]
[White "Kwiek, Janusz"]
[Black "Kaczmarczyk, Marcin"]
[Result "1-0"]
[WhiteElo "1648"]
[BlackElo "1566"]
[PlyCount "61"]
[EventDate "2013.05.11"]
[EventType "swiss"]
[EventRounds "9"]
[EventCountry "POL"]

1. Nf3 d5 2. d4 e6 3. c4 c6 4. Qc2 dxc4 5. Qxc4 Nf6 6. Bf4 Be7 7. Nbd2 b5 8.
Qc2 Nbd7 9. Qxc6 Nd5 10. Qxa8 Nxf4 11. e3 Nd5 12. Bxb5 O-O 13. Qxa7 N7f6 14.
O-O Bd6 15. Nc4 Bc7 16. Rac1 Nd7 17. Bxd7 Bxd7 18. Nfe5 f6 19. Nxd7 Qxd7 20. e4
Bxh2+ 21. Kxh2 Qxa7 22. exd5 exd5 23. Ne3 Qxa2 24. b4 Qb2 25. Nxd5 Qxd4 26.
Rcd1 Qb2 27. Kg1 Qb3 28. Rfe1 h6 29. Ne7+ Kh7 30. Rb1 Qa3 31. Nc6 1-0

[Event "ch-city B"]
[Site "Warszawa"]
[Date "2013.05.15"]
[Round "5.13"]
[White "Pacan-Milej, Kosma"]
[Black "Grzenkowicz, Lukasz"]
[Result "0-1"]
[WhiteElo "1405"]
[BlackElo "1605"]
[PlyCount "146"]
[EventDate "2013.05.11"]
[EventType "swiss"]
[EventRounds "9"]
[EventCountry "POL"]

1. d4 Nf6 2. c4 g6 3. Nc3 Bg7 4. e4 d6 5. Be2 O-O 6. Bg5 Nbd7 7. Qd2 c5 8. Nf3
cxd4 9. Nxd4 Nc5 10. Bf3 Ncd7 11. O-O Ne5 12. Be2 Nc6 13. Nxc6 bxc6 14. Rad1
Qc7 15. Kh1 Re8 16. f4 Nd7 17. f5 Ne5 18. f6 exf6 19. Bxf6 Re6 20. Bxe5 Bxe5
21. c5 dxc5 22. Qd8+ Kg7 23. Na4 Qxd8 24. Rxd8 Rd6 25. Rxd6 Bxd6 26. Rc1 Rb8
27. b3 Rb4 28. Bf3 Rd4 29. h3 Rd2 30. Nxc5 Rxa2 31. Nd3 Bd7 32. e5 Ba3 33. Rc3
Bb2 34. Nxb2 Rxb2 35. Bxc6 Be6 36. Ba4 Rd2 37. b4 Bd5 38. Bc6 Bxc6 39. Rxc6 Rd7
40. Kg1 Rb7 41. Rc4 Rb5 42. Re4 Kf8 43. Kf2 Ke7 44. Ke3 Ke6 45. Kf4 h6 46. h4
Rd5 47. g4 Rd1 48. Kf3 Kd5 49. Re3 Ra1 50. Kf4 Rf1+ 51. Kg3 Rc1 52. Kf3 Rc4 53.
Rd3+ Ke6 54. Ra3 Rc7 55. Kf4 Kd5 56. Ra5+ Kc4 57. b5 Kb4 58. Ra6 Kxb5 59. Rf6
Re7 60. e6 Rxe6 61. Rxf7 a5 62. Rb7+ Kc4 63. Ra7 Kb5 64. Rb7+ Kc6 65. Rb1 a4
66. h5 gxh5 67. gxh5 Kc5 68. Kf5 Ra6 69. Ke4 Kc4 70. Ke3 Kc3 71. Kf4 a3 72. Kf5
a2 73. Rg1 a1=Q 0-1

[Event "ch-city B"]
[Site "Warszawa"]
[Date "2013.05.15"]
[Round "5.14"]
[White "Kowal, Cezary"]
[Black "Czorniej, Antonina"]
[Result "1/2-1/2"]
[WhiteElo "1516"]
[BlackElo "1394"]
[PlyCount "112"]
[EventDate "2013.05.11"]
[EventType "swiss"]
[EventRounds "9"]
[EventCountry "POL"]

1. e4 c6 2. d4 d5 3. Nc3 dxe4 4. Nxe4 Bf5 5. Ng3 Bg6 6. f4 e6 7. Nf3 Bd6 8. Bd3
Bxd3 9. Qxd3 Qc7 10. O-O h5 11. Ne4 Be7 12. Ne5 Nh6 13. c4 Nd7 14. c5 O-O-O 15.
b4 Nxe5 16. fxe5 Qxe5 17. Nd6+ Bxd6 18. dxe5 Bxc5+ 19. bxc5 Rxd3 20. Bxh6 Rxh6
21. Rxf7 Rg6 22. Rb1 Rd2 23. g3 Rd7 24. Rxd7 Kxd7 25. Rxb7+ Kc8 26. Rxa7 Rg5
27. a4 Rxe5 28. Rxg7 Rxc5 29. Re7 e5 30. Kg2 Kd8 31. Ra7 Rc2+ 32. Kh3 e4 33.
Rh7 Ra2 34. Rxh5 Rxa4 35. Re5 Kd7 36. Kg4 Rd4 37. Kf5 Rd5 38. Kxe4 Rd2 39. h4
Kd6 40. Rg5 c5 41. Rg6+ Kd7 42. Ke3 Rd1 43. h5 c4 44. Rg4 c3 45. Rc4 Rg1 46. g4
c2 47. Rxc2 Rxg4 48. Rh2 Rg8 49. Kf4 Ke6 50. Ra2 Kf6 51. Ra6+ Kg7 52. Kf5 Kh7
53. Re6 Rg1 54. Re7+ Kh8 55. h6 Rg2 56. h7 Rg1 1/2-1/2

[Event "ch-city B"]
[Site "Warszawa"]
[Date "2013.05.15"]
[Round "5.16"]
[White "Gajewski, Zbigniew"]
[Black "Bitowt, Jacek"]
[Result "0-1"]
[WhiteElo "1455"]
[BlackElo "1898"]
[PlyCount "98"]
[EventDate "2013.05.11"]
[EventType "swiss"]
[EventRounds "9"]
[EventCountry "POL"]

1. e4 e5 2. Nf3 Nc6 3. d4 exd4 4. Nxd4 Nf6 5. Nxc6 bxc6 6. Bd3 d5 7. exd5 cxd5
8. O-O Be7 9. Re1 O-O 10. Qe2 Be6 11. c3 c5 12. b3 Qc7 13. Nd2 Bd6 14. Nf1 Rfe8
15. Bg5 Ng4 16. h3 Ne5 17. Bc2 Ng6 18. Qd2 Bf4 19. Bxf4 Nxf4 20. Rad1 g6 21.
Ng3 Red8 22. Ne2 Nxe2+ 23. Rxe2 d4 24. cxd4 Rxd4 25. Qe1 Rad8 26. Rc1 Qf4 27.
Re3 Rd2 28. Rd1 Rxd1 29. Bxd1 c4 30. bxc4 Bxc4 31. Bb3 Bxb3 32. axb3 Qd4 33.
Re8+ Rxe8 34. Qxe8+ Kg7 35. Qe3 Qxe3 36. fxe3 Kf6 37. Kf2 Ke5 38. Ke2 Ke4 39.
Kd2 h5 40. Ke2 g5 41. Kd2 f5 42. Ke2 h4 43. Kd2 g4 44. Ke2 gxh3 45. gxh3 a5 46.
Kd2 Kf3 47. Kd3 Kg3 48. Ke2 Kg2 49. Ke1 Kxh3 0-1

[Event "ch-city B"]
[Site "Warszawa"]
[Date "2013.05.15"]
[Round "5.17"]
[White "Moscicki, Slawomir"]
[Black "Herman, Monika"]
[Result "1-0"]
[WhiteElo "1385"]
[BlackElo "1693"]
[PlyCount "89"]
[EventDate "2013.05.11"]
[EventType "swiss"]
[EventRounds "9"]
[EventCountry "POL"]

1. e4 e5 2. Nc3 d6 3. Bc4 Nf6 4. f4 exf4 5. Nf3 Be7 6. d4 Nh5 7. Nd5 Bh4+ 8.
Nxh4 Qxh4+ 9. g3 fxg3 10. Kd2 g2 11. Rg1 Bg4 12. Qe1 Qxe1+ 13. Kxe1 Kd7 14.
Rxg2 Be6 15. Be2 Bxd5 16. exd5 g6 17. Bxh5 gxh5 18. Rg7 Ke8 19. Bh6 c6 20. dxc6
Nxc6 21. c3 Ne7 22. Kd2 Nf5 23. Re1+ Kf8 24. Rxh7+ Kg8 25. Rxh8+ Kxh8 26. Bg5
Kh7 27. Kd3 b5 28. Kc2 Rc8 29. Kb3 a5 30. a4 b4 31. cxb4 Nxd4+ 32. Ka2 axb4 33.
Re7 Kg6 34. Bd2 b3+ 35. Ka3 Rb8 36. a5 Kf6 37. Rd7 Ke6 38. Rxd6+ Kxd6 39. Bf4+
Kd7 40. Bxb8 Nc6 41. a6 Kc8 42. Bf4 f6 43. Kxb3 Ne5 44. Bxe5 fxe5 45. Kc4 1-0

[Event "ch-city B"]
[Site "Warszawa"]
[Date "2013.05.15"]
[Round "5.18"]
[White "Woloszyn, Piotr"]
[Black "Kucharski, Jacek"]
[Result "0-1"]
[WhiteElo "1533"]
[BlackElo "1379"]
[PlyCount "73"]
[EventDate "2013.05.11"]
[EventType "swiss"]
[EventRounds "9"]
[EventCountry "POL"]

1. g3 d5 2. d4 Nf6 3. Nf3 c6 4. c3 g6 5. Bg2 Bg7 6. h3 Nbd7 7. Nbd2 Nb6 8. a4
a5 9. O-O O-O 10. Re1 Re8 11. Ne5 Nbd7 12. e4 Nxe5 13. dxe5 Nxe4 14. Nxe4 dxe4
15. Qxd8 Rxd8 16. Bf4 Be6 17. h4 h5 18. Bxe4 Rd7 19. Bc2 Rad8 20. Rad1 Rxd1 21.
Rxd1 Rxd1+ 22. Bxd1 Kf8 23. Kf1 Bc4+ 24. Ke1 e6 25. Kd2 Ke8 26. Ke3 Bf8 27. b3
Ba6 28. c4 c5 29. Bg5 Kd7 30. g4 hxg4 31. Bxg4 b6 32. h5 gxh5 33. Bxh5 Ke8 34.
Bf3 Bc8 35. Bh5 Be7 36. Bh6 Bf8 37. Kf4 0-1

[Event "ch-city B"]
[Site "Warszawa"]
[Date "2013.05.15"]
[Round "5.20"]
[White "Mantaev, Ruslan"]
[Black "Wisniewski, Jacek"]
[Result "0-1"]
[WhiteElo "1224"]
[BlackElo "1471"]
[PlyCount "82"]
[EventDate "2013.05.11"]
[EventType "swiss"]
[EventRounds "9"]
[EventCountry "POL"]

1. d4 Nf6 2. e3 g6 3. Bd3 Bg7 4. c3 O-O 5. Nd2 d6 6. Nf1 Nc6 7. f3 e5 8. Qc2
Re8 9. Ne2 exd4 10. exd4 Nd5 11. Bd2 Bd7 12. O-O-O Rb8 13. h4 h5 14. g3 b5 15.
b3 a5 16. Bg5 Qc8 17. Nh2 b4 18. c4 Nc3 19. Nxc3 bxc3 20. Bxg6 fxg6 21. Qxg6
Bf5 22. Qxh5 Re2 23. Rde1 Rxa2 24. Kd1 Ra1+ 25. Ke2 Qe6+ 26. Be3 Rxe1+ 27. Rxe1
Nxd4+ 28. Kf2 Nc2 29. Re2 Nxe3 30. Rxe3 Bd4 31. Qg5+ Qg6 32. Qf4 Bxe3+ 33. Qxe3
Rxb3 34. g4 Bd7 35. h5 Rb2+ 36. Kg3 Qc2 37. Qg5+ Kf7 38. Qf4+ Bf5 39. Qxf5+
Qxf5 40. gxf5 c2 41. h6 c1=Q 0-1

[Event "ch-city B"]
[Site "Warszawa"]
[Date "2013.05.15"]
[Round "5.21"]
[White "Szymankiewicz, Jan"]
[Black "Sobotka, Jan"]
[Result "0-1"]
[WhiteElo "1481"]
[BlackElo "1578"]
[PlyCount "88"]
[EventDate "2013.05.11"]
[EventType "swiss"]
[EventRounds "9"]
[EventCountry "POL"]

1. e4 c5 2. Bc4 Nc6 3. c3 Nf6 4. d3 e6 5. Nf3 d5 6. exd5 exd5 7. Bb5 a6 8.
Bxc6+ bxc6 9. O-O Be7 10. Bf4 Bg4 11. Nbd2 O-O 12. Re1 Re8 13. Qc2 Nh5 14. Be5
f6 15. Bg3 Nxg3 16. fxg3 Bh5 17. d4 Qb6 18. Kh1 Bg6 19. Qc1 Bd6 20. b3 cxd4 21.
cxd4 Rxe1+ 22. Qxe1 Re8 23. Qf2 Bb4 24. Re1 Rxe1+ 25. Qxe1 Qa5 26. Qe6+ Bf7 27.
Qc8+ Bf8 28. a4 Qc3 29. Qxa6 Bg6 30. Nf1 Bd3 31. Qc8 Bxf1 32. Qe6+ Kh8 33. Qe8
Qb4 34. Qxc6 Qxb3 35. a5 Qb2 36. Nh4 Qxd4 37. h3 Qc5 38. Qe8 d4 39. Nf3 Bb5 40.
Qd8 d3 41. g4 Qd6 42. Qc8 Bd7 43. Qd8 Bc6 44. Qb6 Bxf3 0-1

[Event "ch-city B"]
[Site "Warszawa"]
[Date "2013.05.15"]
[Round "5.25"]
[White "Fieducik, Marcin"]
[Black "Wisniewski, Slawomir"]
[Result "0-1"]
[WhiteElo "1361"]
[BlackElo "1259"]
[PlyCount "102"]
[EventDate "2013.05.11"]
[EventType "swiss"]
[EventRounds "9"]
[EventCountry "POL"]

1. d4 e6 2. c4 f5 3. Nc3 Nf6 4. Nf3 Be7 5. e3 O-O 6. Bd3 c6 7. O-O Qc7 8. h3 d5
9. b3 Ne4 10. Qc2 b6 11. Bb2 Bb7 12. Rae1 Nd7 13. a3 c5 14. cxd5 exd5 15. Nb5
Qc8 16. Qb1 a6 17. Nc3 Qe8 18. Ne2 b5 19. dxc5 Ndxc5 20. b4 Nd7 21. Nf4 Bf6 22.
Re2 Ne5 23. Rc2 Nxf3+ 24. gxf3 Ng5 25. Qd1 d4 26. e4 fxe4 27. fxe4 Bxe4 28. f3
Bxd3 29. Qxd3 Qe3+ 30. Qxe3 dxe3 31. Bxf6 Rxf6 32. Nd5 Nxf3+ 33. Kg2 Nh4+ 34.
Kg3 Rxf1 35. Nxe3 Nf5+ 36. Nxf5 Rxf5 37. Rc3 Raf8 38. Kg4 h5+ 39. Kh4 g6 40.
Rc6 R5f6 41. Rc7 Re8 42. Kg5 Rf3 43. Kxg6 Rg3+ 44. Kxh5 Rxh3+ 45. Kg6 Rg3+ 46.
Kf6 Rf8+ 47. Ke6 Re3+ 48. Kd5 Rd8+ 49. Kc6 Rc3+ 50. Kb7 Rxc7+ 51. Kxc7 Rd3 0-1

[Event "ch-city B"]
[Site "Warszawa"]
[Date "2013.05.16"]
[Round "6.1"]
[White "Praczukowski, Stanislaw"]
[Black "Koziol, Pawel"]
[Result "0-1"]
[WhiteElo "1859"]
[BlackElo "1883"]
[PlyCount "82"]
[EventDate "2013.05.11"]
[EventType "swiss"]
[EventRounds "9"]
[EventCountry "POL"]

1. c4 c5 2. Nf3 g6 3. d4 cxd4 4. Nxd4 Bg7 5. Nc3 Nc6 6. Nc2 d6 7. e4 Bxc3+ 8.
bxc3 Qa5 9. Nb4 Nxb4 10. cxb4 Qxb4+ 11. Bd2 Qc5 12. Be3 Qa5+ 13. Qd2 Qxd2+ 14.
Kxd2 Nf6 15. f3 Bd7 16. Rb1 Bc6 17. g3 Nd7 18. Bd4 e5 19. Bc3 Nc5 20. Ke3 Rf8
21. Bh3 Ke7 22. g4 f6 23. Rhg1 b6 24. g5 fxg5 25. Rxg5 Rf6 26. Bf1 Raf8 27. Be2
h6 28. Rgg1 Be8 29. h4 Rf4 30. Rg4 Rxg4 31. fxg4 Bc6 32. Rf1 Rxf1 33. Bxf1 Bxe4
34. Bb4 Bc6 35. Bd3 Kf6 36. h5 g5 37. Bxc5 dxc5 38. Bf5 Be8 39. Bc8 Bf7 40. Ba6
Be6 41. Kf3 e4+ 0-1

[Event "ch-city B"]
[Site "Warszawa"]
[Date "2013.05.16"]
[Round "6.2"]
[White "Kaminski, Jan"]
[Black "Sawicki, Wojciech"]
[Result "0-1"]
[WhiteElo "1738"]
[BlackElo "1797"]
[PlyCount "78"]
[EventDate "2013.05.11"]
[EventType "swiss"]
[EventRounds "9"]
[EventCountry "POL"]

1. e4 e5 2. Nf3 Nc6 3. g3 Nf6 4. d3 Bc5 5. Bg2 d6 6. O-O O-O 7. c3 Bb6 8. h3 h6
9. Be3 Bxe3 10. fxe3 d5 11. exd5 Nxd5 12. Qe1 Qd6 13. e4 Nf6 14. Na3 Be6 15.
Nh4 Rad8 16. Rf3 Ne7 17. c4 Nh7 18. Kh2 Qd7 19. g4 Nc6 20. Nc2 f6 21. Nf5 Ng5
22. Rg3 Bf7 23. Qe3 Ne6 24. Bf1 Nf4 25. Rf3 Kh7 26. d4 g6 27. d5 gxf5 28. dxc6
Qxc6 29. gxf5 Bxc4 30. Nb4 Qb5 31. Qc3 Bxf1 32. Raxf1 Qe2+ 33. R1f2 Qxe4 34.
Qxc7+ Kh8 35. Rg3 Rg8 36. Qf7 Rxg3 37. Qxf6+ Kh7 38. Qe7+ Rg7 39. Qxd8 Rg2+ 0-1

[Event "ch-city B"]
[Site "Warszawa"]
[Date "2013.05.16"]
[Round "6.3"]
[White "Kacprzak, Karol"]
[Black "Kowalczyk, Waldemar"]
[Result "1/2-1/2"]
[WhiteElo "1792"]
[BlackElo "1747"]
[PlyCount "147"]
[EventDate "2013.05.11"]
[EventType "swiss"]
[EventRounds "9"]
[EventCountry "POL"]

1. c4 Nf6 2. Nc3 g6 3. g3 Bg7 4. Bg2 O-O 5. Nf3 d6 6. O-O e5 7. d3 c5 8. Rb1
Nc6 9. a3 a5 10. Bd2 Re8 11. Ng5 h6 12. Nge4 Nxe4 13. Bxe4 f5 14. Bd5+ Be6 15.
Bxe6+ Rxe6 16. Nd5 b6 17. Re1 Ne7 18. b4 axb4 19. axb4 Nxd5 20. cxd5 Re7 21. e4
Rf7 22. f3 Qf6 23. Rf1 Rfa7 24. bxc5 bxc5 25. Bc3 g5 26. Ra1 f4 27. g4 Qe7 28.
Rxa7 Qxa7 29. Qa1 Qb7 30. Qb2 Qxb2 31. Bxb2 Rb8 32. Bc3 Rb3 33. Rc1 Bf6 34. Kf2
Bd8 35. Ke2 Kf8 36. Kd2 Ke8 37. Kc2 Ra3 38. Rb1 Ra2+ 39. Rb2 Ra7 40. Kb3 Kd7
41. Kc4 Bc7 42. Kb3 Kc8 43. Ra2 Rb7+ 44. Kc2 $11 Rb6 45. Ra8+ Bb8 46. Be1 Kb7
47. Ra3 Rb5 48. h4 Kc8 49. hxg5 hxg5 50. Bc3 Rb7 51. Kd2 Rh7 52. Ke2 Rh2+ 53.
Ke1 Rh1+ 54. Ke2 Rb1 55. Ra2 Rh1 56. Rb2 Rh2+ 57. Ke1 Rxb2 58. Bxb2 Kb7 59. Kd2
Ka6 60. Kc3 Kb5 61. Kb3 $11 Bc7 62. Bc3 Bb6 63. Bd2 Bc7 64. Bc3 Bd8 65. Bd2 Ba5
66. Bc1 Bb4 67. Bb2 Bd2 68. Ba3 $11 Be3 69. Bb2 Bf2 70. Bc3 Be3 71. Be1 Bc1 72.
Bc3 Be3 73. Be1 Bd4 74. Bd2 1/2-1/2

[Event "ch-city B"]
[Site "Warszawa"]
[Date "2013.05.16"]
[Round "6.5"]
[White "Milczarek, Robert"]
[Black "Jaskowski, Piotr"]
[Result "0-1"]
[WhiteElo "1848"]
[BlackElo "1826"]
[PlyCount "136"]
[EventDate "2013.05.11"]
[EventType "swiss"]
[EventRounds "9"]
[EventCountry "POL"]

1. d4 Nf6 2. c4 e5 3. dxe5 Ng4 4. Nf3 Nc6 5. Nc3 Ngxe5 6. Nxe5 Nxe5 7. e3 Bb4
8. Qc2 O-O 9. a3 Bxc3+ 10. Qxc3 d6 11. b3 Qf6 12. Bb2 Qg6 13. O-O-O b5 14. f4
Ng4 15. Bd3 Qh6 16. Rdf1 Bb7 17. Bf5 Nf6 18. Rhg1 bxc4 19. bxc4 Ne4 20. Qc2
Rfe8 21. g4 Qh3 22. Qe2 g6 23. Rf3 Qh6 24. Qd3 Qxh2 25. Rff1 gxf5 26. Qd4 Kf8
27. gxf5 c5 28. Qg7+ Ke7 29. f6+ Kd8 30. Qxf7 Qd2+ 31. Kb1 Bd5 32. cxd5 Nc3+
33. Ka1 Qxd5 34. Qxd5 Nxd5 35. f7 Rf8 36. e4 Ne3 37. Rf3 Nc4 38. Bf6+ Kd7 39.
Rc3 Rxf7 40. e5 dxe5 41. fxe5 Na5 42. Rd1+ Kc6 43. Rd6+ Kb5 44. Rd5 Rc8 45. Bd8
Rf1+ 46. Ka2 Nb7 47. Be7 Rg8 48. Rd2 Rgg1 49. Re2 Ra1+ 50. Kb2 Rgb1+ 51. Kc2
Ra2+ 52. Kd3 c4+ 53. Ke3 Rxe2+ 54. Kxe2 Rb3 55. Kd2 Nc5 56. Bxc5 Kxc5 57. e6
Kd6 58. e7 Kxe7 59. Rxc4 Kd6 60. Rh4 Rb7 61. Kc3 Ke5 62. Kc4 Kf5 63. a4 Kg5 64.
Rh1 h5 65. Kd5 Rb4 66. Ra1 h4 67. Kc5 a5 68. Ra3 Kg4 0-1

[Event "ch-city B"]
[Site "Warszawa"]
[Date "2013.05.16"]
[Round "6.7"]
[White "Grzenkowicz, Lukasz"]
[Black "Traczyk, Pawel"]
[Result "1/2-1/2"]
[WhiteElo "1605"]
[BlackElo "1780"]
[PlyCount "57"]
[EventDate "2013.05.11"]
[EventType "swiss"]
[EventRounds "9"]
[EventCountry "POL"]

1. e4 d6 2. d4 Nf6 3. Bd3 g6 4. Ne2 Bg7 5. O-O O-O 6. Bf4 Nh5 7. Be3 c5 8. c3
b6 9. Qd2 Nc6 10. Bh6 Bb7 11. Bxg7 Kxg7 12. f4 Nf6 13. d5 Nb8 14. c4 Nbd7 15.
Nbc3 a6 16. Rf3 Qc7 17. g4 e6 18. Bc2 exd5 19. exd5 Rae8 20. Ng3 Bc8 21. Re1
Qd8 22. Rxe8 Rxe8 23. Re3 Rxe3 24. Qxe3 Nxg4 25. Qf3 Ndf6 26. h3 Nh6 27. Qe3
Qe8 28. Qxe8 Nxe8 29. Kf2 1/2-1/2

[Event "ch-city B"]
[Site "Warszawa"]
[Date "2013.05.16"]
[Round "6.10"]
[White "Zbrzeski, Piotr"]
[Black "Kwiek, Janusz"]
[Result "1-0"]
[WhiteElo "1801"]
[BlackElo "1648"]
[PlyCount "109"]
[EventDate "2013.05.11"]
[EventType "swiss"]
[EventRounds "9"]
[EventCountry "POL"]

1. d4 e6 2. c4 Nf6 3. Nf3 d5 4. Bg5 h6 5. Bxf6 Qxf6 6. e3 Bb4+ 7. Nc3 O-O 8.
Qb3 Bxc3+ 9. Qxc3 c6 10. Bd3 Nd7 11. O-O dxc4 12. Bxc4 Re8 13. b4 e5 14. a4
exd4 15. Nxd4 c5 16. bxc5 Qe5 17. Rac1 Nf6 18. Bb5 Bd7 19. Bxd7 Nxd7 20. c6
bxc6 21. Qxc6 Nb6 22. Rc5 Qe7 23. Qb5 Nxa4 24. Rc6 Nb6 25. Qa6 Rac8 26. Rxc8
Rxc8 27. g3 Rc7 28. Nb5 Rb7 29. Nxa7 Rxa7 30. Qxb6 Ra2 31. Qb8+ Qf8 32. Rb1
Qxb8 33. Rxb8+ Kh7 34. Kf1 f6 35. Rb1 Kg6 36. Re1 h5 37. Re2 Ra1+ 38. Kg2 Kg5
39. f4+ Kg6 40. e4 Ra6 41. Kf3 Ra3+ 42. Re3 Ra2 43. h3 Rh2 44. e5 Ra2 45. e6
Ra8 46. g4 hxg4+ 47. hxg4 f5 48. g5 Kh7 49. Re5 g6 50. e7 Re8 51. Ke3 Kg7 52.
Kd4 Kf7 53. Kd5 Kg8 54. Kd6 Kg7 55. Kd7 1-0

[Event "ch-city B"]
[Site "Warszawa"]
[Date "2013.05.16"]
[Round "6.11"]
[White "Bitowt, Jacek"]
[Black "Moscicka, Pola"]
[Result "1-0"]
[WhiteElo "1898"]
[BlackElo "1463"]
[PlyCount "81"]
[EventDate "2013.05.11"]
[EventType "swiss"]
[EventRounds "9"]
[EventCountry "POL"]

1. e4 c5 2. c3 d5 3. exd5 Qxd5 4. d4 e5 5. Nf3 Nc6 6. dxe5 Qxd1+ 7. Kxd1 Bg4 8.
Bf4 h6 9. Nbd2 O-O-O 10. Kc1 g5 11. Bg3 Bg7 12. Bc4 f5 13. h3 Bxf3 14. Nxf3 f4
15. Bh2 Nxe5 16. Nxe5 Bxe5 17. Re1 Bg7 18. g3 fxg3 19. Bxg3 Nf6 20. Re7 Bf8 21.
Rc7+ Kb8 22. Rf7+ Bd6 23. Rxf6 Bxg3 24. fxg3 Rhe8 25. Kc2 Re4 26. Kb3 a5 27. a4
Re3 28. Rg1 Rh8 29. Rf5 Rc8 30. h4 gxh4 31. gxh4 Re4 32. h5 Rh4 33. Rg6 Rh8 34.
Rxc5 Rh2 35. Rxa5 Rf8 36. Rb5 Rff2 37. Ka2 Rc2 38. Bd5 b6 39. Rbxb6+ Kc7 40.
Rb7+ Kc8 41. Rg8# 1-0

[Event "ch-city B"]
[Site "Warszawa"]
[Date "2013.05.16"]
[Round "6.12"]
[White "Wisniewski, Jacek"]
[Black "Slomski, Arkadiusz"]
[Result "0-1"]
[WhiteElo "1471"]
[BlackElo "1725"]
[PlyCount "92"]
[EventDate "2013.05.11"]
[EventType "swiss"]
[EventRounds "9"]
[EventCountry "POL"]

1. e4 e6 2. d4 d5 3. exd5 exd5 4. Nf3 Bg4 5. h3 Bh5 6. Qe2+ Qe7 7. Be3 Nf6 8.
Qb5+ c6 9. Qb3 Bxf3 10. gxf3 Qb4+ 11. Nd2 Qxb3 12. Nxb3 b6 13. O-O-O a5 14. a4
Bd6 15. Rg1 g6 16. Bh6 Nh5 17. Re1+ Kd7 18. h4 Na6 19. Bh3+ f5 20. Kd1 Nc7 21.
Nc1 Ne6 22. c3 Bf4 23. Bxf4 Nexf4 24. Bf1 Rhe8 25. Re3 Re6 26. Nd3 Nxd3 27.
Bxd3 Rae8 28. Rge1 Nf4 29. Bf1 Kd6 30. Kd2 $11 Nh5 31. Bd3 Nf6 32. Rxe6+ Rxe6
33. Rxe6+ Kxe6 34. Ke3 $11 Nh5 35. f4 Nf6 36. f3 Kd6 37. b3 Ke7 38. Kf2 Kf7 39.
Ke3 Kg7 40. c4 c5 41. dxc5 bxc5 42. Kf2 d4 43. h5 Nxh5 44. b4 Nxf4 45. b5 Nxd3+
46. Kg3 Ne5 0-1

[Event "ch-city B"]
[Site "Warszawa"]
[Date "2013.05.16"]
[Round "6.13"]
[White "Wrabel, Antoni"]
[Black "Moscicki, Slawomir"]
[Result "1-0"]
[WhiteElo "1701"]
[BlackElo "1385"]
[PlyCount "109"]
[EventDate "2013.05.11"]
[EventType "swiss"]
[EventRounds "9"]
[EventCountry "POL"]

1. e4 d6 2. d4 Nf6 3. Nc3 e5 4. dxe5 dxe5 5. Qxd8+ Kxd8 6. Bc4 Ke8 7. Bg5 Be7
8. Bxf6 gxf6 9. O-O-O f5 10. exf5 Bxf5 11. Nd5 Bd6 12. Ne2 Nc6 13. f3 h5 14.
Ng3 Bg6 15. Ne4 Bxe4 16. fxe4 Rh6 17. Rhf1 Rd8 18. c3 Na5 19. Be2 c6 20. Nf6+
Ke7 21. Nxh5 b5 22. Rf5 Nc4 23. Rdf1 Rf8 24. Rf6 Rh7 25. Bxc4 bxc4 26. R6f5 Rh6
27. g4 f6 28. R5f3 Bc7 29. h3 Bd8 30. Ng3 Ke6 31. Nf5 Rh7 32. Ne3 Rfh8 33. Rh1
a5 34. Nxc4 a4 35. Rd3 Bc7 36. Rf3 Rh4 37. Rg3 f5 38. gxf5+ Kf6 39. Rg6+ Kf7
40. Rxc6 Bb8 41. Nd2 Rxh3 42. Rxh3 Rxh3 43. Rb6 Rh8 44. Ra6 Ke7 45. Rxa4 Kf6
46. Ra6+ Kg5 47. f6 Kf4 48. f7 Ke3 49. Rf6 Kd3 50. f8=Q Rh1+ 51. Rf1 Ba7 52.
Qf3+ Be3 53. Qxe3+ Kxe3 54. Rxh1 Ke2 55. Kc2 1-0

[Event "ch-city B"]
[Site "Warszawa"]
[Date "2013.05.16"]
[Round "6.14"]
[White "Kaczmarczyk, Marcin"]
[Black "Czorniej, Antonina"]
[Result "0-1"]
[WhiteElo "1566"]
[BlackElo "1394"]
[PlyCount "106"]
[EventDate "2013.05.11"]
[EventType "swiss"]
[EventRounds "9"]
[EventCountry "POL"]

1. e4 c6 2. d4 d5 3. Nc3 dxe4 4. Nxe4 Bf5 5. Ng3 Bg6 6. h4 h6 7. Nf3 Nd7 8. h5
Bh7 9. Bd3 Bxd3 10. Qxd3 e6 11. Bd2 Ngf6 12. O-O-O Be7 13. Ne4 Nxe4 14. Qxe4
Nf6 15. Qe2 Qd5 16. c4 Qe4 17. Qxe4 Nxe4 18. Be3 O-O 19. Ne5 Rfd8 20. g4 c5 21.
d5 exd5 22. cxd5 Nf6 23. g5 hxg5 24. Bxg5 Rxd5 25. Rxd5 Nxd5 26. Bxe7 Nxe7 27.
h6 gxh6 28. Rxh6 f5 29. Rf6 b6 30. Rd6 Kg7 31. Kc2 f4 32. Kd3 Nf5 33. Rg6+ Kh7
34. Rf6 Nd4 35. Rxf4 Rd8 36. Kc4 b5+ 37. Kd3 Ne6+ 38. Ke4 Nxf4 39. Kxf4 Rd2 40.
Ke3 Rxb2 41. f4 Rxa2 42. f5 c4 43. f6 c3 44. Nd7 Kg6 45. f7 Kxf7 46. Ne5+ Ke6
47. Nd3 Rd2 48. Nc5+ Kd5 49. Ne4 Kc4 50. Nxd2+ cxd2 51. Kxd2 Kb3 52. Kc1 Ka2
53. Kc2 b4 0-1

[Event "ch-city B"]
[Site "Warszawa"]
[Date "2013.05.16"]
[Round "6.16"]
[White "Kucharski, Jacek"]
[Black "Kowal, Cezary"]
[Result "0-1"]
[WhiteElo "1379"]
[BlackElo "1516"]
[PlyCount "96"]
[EventDate "2013.05.11"]
[EventType "swiss"]
[EventRounds "9"]
[EventCountry "POL"]

1. d4 c5 2. c3 cxd4 3. cxd4 d5 4. Nf3 Nc6 5. e3 Bg4 6. Be2 Nf6 7. Nc3 e6 8. a3
Bd6 9. Nh4 Bxe2 10. Qxe2 O-O 11. Nf3 a6 12. O-O e5 13. dxe5 Nxe5 14. Nxe5 Bxe5
15. g3 Qc8 16. Bd2 Qf5 17. Nxd5 Nxd5 18. e4 Qd7 19. exd5 Rfe8 20. Qf3 Rad8 21.
Bc3 Bxc3 22. Qxc3 Qxd5 23. Rfe1 h6 24. Rac1 Qb5 25. Rxe8+ Rxe8 26. Rc2 Rd8 27.
Rd2 Re8 28. Rc2 Qd5 29. Qd2 Qf3 30. Rc3 Qe2 31. Qxe2 Rxe2 32. b4 Ra2 33. Kg2 b5
34. Kf3 g6 35. h4 Kg7 36. Ke3 g5 37. hxg5 hxg5 38. g4 Ra1 39. f3 Re1+ 40. Kf2
Re6 41. Re3 Rd6 42. Rc3 Kg6 43. Re3 Kf6 44. Ke2 Re6 45. Rxe6+ Kxe6 46. Kf1 Kd5
47. Ke2 Kc4 48. Kd2 Kb3 0-1

[Event "ch-city B"]
[Site "Warszawa"]
[Date "2013.05.16"]
[Round "6.18"]
[White "Sobotka, Jan"]
[Black "Budrewicz, Henryk"]
[Result "1-0"]
[WhiteElo "1578"]
[BlackElo "1573"]
[PlyCount "173"]
[EventDate "2013.05.11"]
[EventType "swiss"]
[EventRounds "9"]
[EventCountry "POL"]

1. e4 e6 2. d4 b6 3. Bd3 Bb7 4. Nc3 Bb4 5. a3 Bxc3+ 6. bxc3 f5 7. Qe2 Nf6 8.
Bg5 h6 9. Bxf6 Qxf6 10. f3 O-O 11. e5 Qe7 12. h4 c5 13. Qf2 Nc6 14. Ne2 Rac8
15. Nf4 Qf7 16. h5 Ne7 17. Qg3 c4 18. Be2 Kh7 19. Qh4 Nd5 20. Ng6 Rfe8 21. Kd2
Ne7 22. Nf4 Red8 23. Rhg1 d6 24. exd6 Rxd6 25. g4 e5 26. Ng6 Nxg6 27. hxg6+
Rxg6 28. g5 exd4 29. Qxd4 Qd5 30. Qxd5 Bxd5 31. gxh6 Rxh6 32. Rh1 g5 33. Rxh6+
Kxh6 34. Rh1+ Kg6 35. Ra1 f4 36. a4 Rd8 37. Kc1 Re8 38. Kd2 Re3 39. Rf1 a6 40.
Rb1 Re6 41. Rb4 Rc6 42. Rb1 Kf5 43. Rh1 Rd6 44. Ke1 Re6 45. Kf2 Rc6 46. Rb1 Re6
47. Rb4 Rc6 48. Rb1 Be6 49. Rb4 Ke5 50. Rb1 Kd6 51. Rg1 Rc5 52. Rh1 Ra5 53. Rh5
Re5 54. Rh6 Kc5 55. Rh7 b5 56. Rc7+ Kb6 57. Re7 Re3 58. axb5 a5 59. Rg7 Rxc3
60. Rg6 Rxc2 61. Rxe6+ Kxb5 62. Re5+ Kb4 63. Ke1 a4 64. Kd1 Rc3 65. Re8 a3 66.
Rb8+ Kc5 67. Rc8+ Kb4 68. Rb8+ Ka4 69. Ra8+ Kb3 70. Rb8+ Ka2 71. Rb4 Re3 72.
Bxc4+ Ka1 73. Rb3 Rxb3 74. Bxb3 Kb2 75. Be6 a2 76. Bxa2 Kxa2 77. Kc2 Ka3 78.
Kc3 Ka4 79. Kd4 Kb4 80. Ke4 Kc4 81. Kf5 Kd4 82. Kxg5 Ke3 83. Kg4 Kd4 84. Kxf4
Kd5 85. Kf5 Kd6 86. Kf6 Kd7 87. Kf7 1-0